000 00310nam a22001337a 4500
008 171204b xxu||||| |||| 00| 0 eng d
020 _a9781580400640
041 _aeng
080 _a612.39
100 _a10
101 _aNUT
245 _aCOCINADO PARA LATINOS CON DIABETES
_cOLGA.V..F
942 _2udc
_cBK
999 _c38775
_d38775